| 000 | 00727nam a2200205Ii 4500 | ||
|---|---|---|---|
| 003 | JO-AjNU | ||
| 008 | 230605s9999||||xx |||||||||||||| ||und|| | ||
| 040 |
_aJO-AjNU _bara _erda _cJO-AjNU |
||
| 041 | _aara | ||
| 050 | 1 | 4 | _aKMU50.4.Q7764.1963 |
| 100 | 3 |
_aالقوتلي، عدنان , _eauthor _940990 |
|
| 245 | 0 | 0 | _aالوجيز في الحقوق المدنية : المدخل للعلوم القانونية |
| 250 | _aط7 | ||
| 264 | 3 | 1 | _aدمشق : مطابع دار الفكر ، 1963 |
| 300 | _a896ص | ||
| 336 |
_atext _btxt _2rdacontent |
||
| 337 |
_aunmediated _bn _2rdamedia |
||
| 338 |
_avolume _bnc _2rdacarrier |
||
| 650 | 4 |
_aالحقوق المدنية -- قوانين وتشريعات -- سوريا _940991 |
|
| 999 |
_aA17439 _c21007 _d21007 |
||